[Event "13th EICC"]
[Site "Plovdiv BUL"]
[Date "2012.03.20"]
[Round "1.30"]
[White "Georgiev,Ki"]
[Black "Stella,A"]
[Result "1/2-1/2"]
[WhiteElo "2671"]
[BlackElo "2439"]

1.Nf3 Nf6 2.c4 c5 3.Nc3 e6 4.g3 b6 5.Bg2 Bb7 6.O-O Be7 7.d4 cxd4 8.Qxd4 d6
9.Bg5 a6 10.Rfd1 Nbd7 11.Qd2 O-O 12.Bf4 Ne8 13.Rac1 Qc7 14.b3 Rc8 15.Ng5 Bxg2
16.Kxg2 Ndf6 17.f3 Qb7 18.a4 Rc6 19.Nce4 d5 20.cxd5 Nxd5 21.Rxc6 Qxc6 22.Qd3 f5
23.Nf2 Nef6 24.Bd2 h6 25.Rc1 Bc5 26.b4 Nxb4 27.Bxb4 hxg5 28.Qxa6 Qa8 29.Qb5 Bxb4
30.Qxb4 Nd5 31.Qd6 Re8 32.Nh3 Qa6 33.Qe5 Qxa4 34.Nxg5 Qd7 35.Rc4 Qe7 36.Nh3 Qf6
37.Qxf6 gxf6 38.Rc6 b5 39.e4 fxe4 40.fxe4 Ne3+ 41.Kf3 Nc4 42.Rc7 Ne5+ 43.Ke2 Ra8
44.Nf4 Ra2+ 45.Kd1 Rxh2 46.Nxe6 Nd3  1/2-1/2

[Event "13th EICC"]
[Site "Plovdiv BUL"]
[Date "2012.03.22"]
[Round "3.80"]
[White "Kreisl,R"]
[Black "Safarli,E"]
[Result "1/2-1/2"]
[WhiteElo "2400"]
[BlackElo "2645"]

1.c4 Nf6 2.Nc3 c5 3.Nf3 e6 4.g3 Nc6 5.Bg2 d5 6.cxd5 Nxd5 7.O-O Be7 8.d4 O-O
9.e4 Nb6 10.dxc5 Qxd1 11.Rxd1 Bxc5 12.Bf4 f6 13.Rac1 e5 14.Nb5 exf4 15.Rxc5 fxg3
16.hxg3 Bg4 17.Rd2 Rfd8 18.Nd6 Bxf3 19.Bxf3 Ne5 20.Bd1 Nc8 21.Rcd5 Rxd6 22.Rxd6 Nxd6
23.Rxd6 Kf8 24.f4 Nf7 25.Rd7 Rd8 26.Rxd8+ Nxd8 27.Kf2 Ke7 28.Ke3 Kd6 29.Bc2 h6
30.Bb3 g6 31.Bc2 g5 32.Bd1 Nc6 33.Kf3 Nb4 34.a3 Nc6 35.Kg4 Nd4 36.Kh5 gxf4
37.gxf4 Ne6 38.Kg4 Ng7 39.Bb3 f5+ 40.Kf3 fxe4+ 41.Kxe4 h5 42.Bd1 Ke6 43.b4 Ne8
44.f5+ Kd6 45.Kf4 Nf6 46.Bf3 b6 47.a4 h4 48.Bg2 Ne8 49.a5 bxa5  1/2-1/2

[Event "13th EICC"]
[Site "Plovdiv BUL"]
[Date "2012.03.23"]
[Round "4.113"]
[White "Laurusas,T"]
[Black "Vuckovic,Bo"]
[Result "0-1"]
[WhiteElo "2360"]
[BlackElo "2628"]

1.Nf3 Nf6 2.c4 c5 3.Nc3 e6 4.g3 b6 5.Bg2 Bb7 6.O-O a6 7.d4 cxd4 8.Qxd4 Nc6
9.Qf4 Ne7 10.e4 Ng6 11.Qe3 Rc8 12.b3 h5 13.Bb2 Bc5 14.Qe2 h4 15.e5 Nh5 16.Ne1 Bxg2
17.Nxg2 hxg3 18.Ne4 Nhf4 19.Qf3 Nxg2 20.Qxg2 Nf4 21.Qf3 Qh4  0-1

[Event "13th EICC"]
[Site "Plovdiv BUL"]
[Date "2012.03.24"]
[Round "5.88"]
[White "Ruck,R1"]
[Black "Jurcik,Mari"]
[Result "0-1"]
[WhiteElo "2579"]
[BlackElo "2467"]

1.Nf3 c5 2.c4 Nf6 3.Nc3 e6 4.g3 b6 5.Bg2 Bb7 6.O-O Be7 7.Re1 Ne4 8.Nxe4 Bxe4
9.d3 Bb7 10.e4 Nc6 11.d4 cxd4 12.Nxd4 Nxd4 13.Qxd4 O-O 14.Rd1 Bc6 15.Bf4 Bc5
16.Qd2 Qe7 17.e5 h6 18.Bxc6 dxc6 19.Qd7 Rfc8 20.h4 Rc7 21.Qd3 Rcc8 22.Qe4 Qc7
23.Rd3 Rd8 24.Rad1 Be7 25.h5 Rxd3 26.Rxd3 Rd8 27.Rxd8+ Bxd8 28.Qd3 Be7 29.g4 Bc5
30.Kg2 Bf8 31.b3 Be7 32.Kf3 Bc5 33.Ke2 Qe7 34.Bg3 Qg5 35.Qe4 Qc1 36.Qxc6 Qc2+
37.Kf3 Qxa2 38.Qe8+ Bf8 39.Qa4 Qc2 40.Kg2 Qe4+ 41.Kh2 Qxg4 42.Qxa7 Bc5 43.Qb8+ Kh7
44.b4 Bxb4 45.Qxb6 Qxc4 46.Qb7 Kg8 47.Qa8+ Bf8 48.Qf3 Qa4 49.Kh3 Qa3 50.Qxa3 Bxa3
51.Kg4 Bc1 52.Bh4 Kf8 53.f4 g6 54.Bg3 Ke8 55.Bh4 gxh5+ 56.Kf3 Kd7 57.Bf6 Kc6
58.Bg7 Kd5 59.Bxh6 h4 60.Bg5 h3 61.Bh4 h2  0-1

[Event "13th EICC"]
[Site "Plovdiv BUL"]
[Date "2012.03.25"]
[Round "6.131"]
[White "Froewis,G"]
[Black "Sanal,V"]
[Result "1/2-1/2"]
[WhiteElo "2407"]
[BlackElo "2286"]

1.Nf3 Nf6 2.c4 e6 3.Nc3 c5 4.g3 d5 5.cxd5 Nxd5 6.Bg2 Be7 7.O-O Nc6 8.d4 cxd4
9.Nxd4 Nxd4 10.Qxd4 Bf6 11.Qa4+ Bd7 12.Qb3 Nxc3 13.bxc3 Bc6 14.Bxc6+ bxc6
15.Ba3 Be7 16.Rfd1 Qc7 17.Rab1 O-O 18.Bxe7 Qxe7 19.Qb7 Qa3 20.Rd7 Qxc3 21.Rxf7 a5
22.Rc7 Qe5 23.Rb3 Rad8 24.Re3 Rd1+ 25.Kg2 Rxf2+ 26.Kxf2 Qf5+ 27.Rf3 Qc5+
28.Re3 Qf5+ 29.Rf3 Qc5+ 30.Re3 Qf5+  1/2-1/2

[Event "13th EICC"]
[Site "Plovdiv BUL"]
[Date "2012.03.25"]
[Round "6.97"]
[White "Zontakh,A"]
[Black "Ovod,E"]
[Result "1-0"]
[WhiteElo "2556"]
[BlackElo "2408"]

1.c4 c5 2.Nf3 Nf6 3.Nc3 e6 4.d4 cxd4 5.Nxd4 b6 6.Ndb5 Bc5 7.Bf4 O-O 8.Bc7 Qe7
9.Bd6 Bxd6 10.Qxd6 Qxd6 11.Nxd6 Nc6 12.e3 Ne8 13.O-O-O Nxd6 14.Rxd6 Rd8 15.Be2 Kf8
16.Rhd1 Ke7 17.f4 Ba6 18.b3 Rac8 19.Kb2 Na5 20.g4 h6 21.h4 Rc7 22.a4 Rdc8
23.h5 Nb7 24.R6d2 d6 25.g5 Rd7 26.g6 f5 27.Bf3 Nc5 28.b4 Bb7 29.bxc5 Bxf3
30.cxd6+ Kf6 31.Rc1 Rc6 32.Nb5 Bxh5 33.a5 a6 34.Nc7 Bxg6 35.Na8 bxa5 36.c5 Rb7+
37.Ka3 Be8 38.Nb6 Bd7 39.Rb2 Kf7 40.Nc4 Rb5 41.Rxb5 axb5 42.Nxa5 g5 43.Nxc6 Bxc6
44.Kb4 g4 45.Ka5 Ke8 46.Kb6 Kd7 47.Ra1 Bd5 48.Ra7+ Ke8 49.Kc7  1-0

[Event "13th EICC"]
[Site "Plovdiv BUL"]
[Date "2012.03.25"]
[Round "6.161"]
[White "Pantic,I"]
[Black "Balokas,D2"]
[Result "1-0"]
[WhiteElo "2242"]
[BlackElo "2080"]

1.Nf3 c5 2.c4 Nf6 3.Nc3 d5 4.cxd5 Nxd5 5.d4 e6 6.e4 Nxc3 7.bxc3 cxd4 8.cxd4 Nc6
9.Bc4 Bb4+ 10.Bd2 Bxd2+ 11.Qxd2 O-O 12.O-O b6 13.Rad1 Bb7 14.Qf4 Rc8 15.d5 exd5
16.exd5 Na5 17.Bd3 Rc5 18.Ng5 h6 19.Qe4 g6 20.Ne6 Qxd5 21.Qxd5 Rxd5 22.Nxf8 Kxf8
23.Rfe1 Rd4 24.Bb5 Rg4 25.Rd8+ Kg7 26.Bf1 Ra4 27.Rd7 Bc6 28.Rxa7 Rxa2 29.Bc4 Nxc4
30.Rxa2 Bd5 31.Rb1 Be6 32.Ra6 h5 33.f3 Kf6 34.Rb4 Ne3 35.Rd4 Nd5 36.Rxd5 Bxd5
37.Rxb6+ Kg7 38.Kf2 Be6 39.h4 Bc4 40.Ke3 Bf1 41.Rb2 Bc4 42.Kf4 Kf6 43.Rb6+ Kg7
44.Ke5 Bf1 45.Rb2 Bc4 46.Rc2 Be6 47.Rc6 Bf5 48.Rf6 Bd3 49.Rf4 Bf1 50.g3 Bh3
51.Kd6 Be6 52.Ke7 Bd5 53.Rf6 Bc4 54.f4 Bb3 55.f5 Bc4 56.Rc6 Bb3 57.f6+ Kh6
58.Rc8  1-0

[Event "ch-Urals Men 2012"]
[Site "Satka RUS"]
[Date "2012.03.26"]
[Round "3"]
[White "Looshnikov,N"]
[Black "Bezzubenkov,S"]
[Result "1-0"]
[WhiteElo "2487"]
[BlackElo "2181"]

1.Nf3 Nf6 2.c4 g6 3.Nc3 c5 4.g3 Bg7 5.Bg2 O-O 6.d4 cxd4 7.Nxd4 Qc7 8.Qa4 d6
9.Ndb5 Qd7 10.O-O Nc6 11.Rd1 b6 12.Nxd6  1-0

[Event "13th EICC"]
[Site "Plovdiv BUL"]
[Date "2012.03.27"]
[Round "7.53"]
[White "Popov,Val"]
[Black "Safarli,E"]
[Result "1/2-1/2"]
[WhiteElo "2546"]
[BlackElo "2645"]

1.c4 Nf6 2.Nc3 c5 3.Nf3 e6 4.g3 Nc6 5.Bg2 d5 6.cxd5 Nxd5 7.O-O Be7 8.d4 O-O
9.Nxd5 exd5 10.dxc5 Bxc5 11.Bg5 Qd7 12.a3 h6 13.b4 Bb6 14.Bc1 Rd8 15.Bb2 Qe7
16.e3 Bf5 17.Rc1 Be4 18.Re1 Qf8 19.Qe2 Rac8 20.Rcd1 Qe7 21.Rd2 f6 22.Red1 Rc7
23.Bd4 Rcd7 24.Bc3  1/2-1/2

[Event "European Senior Teams 2012"]
[Site "Rogaska Slatina SLO"]
[Date "2012.03.28"]
[Round "2.10"]
[White "Petersson,G"]
[Black "Thieme,H"]
[Result "1/2-1/2"]
[WhiteElo "2163"]
[BlackElo "2075"]

1.c4 Nf6 2.Nc3 e6 3.Nf3 c5 4.d4 cxd4 5.Nxd4 a6 6.Nc2 Qc7 7.e3 b6 8.Be2 Bb7
9.O-O d6 10.f3 Nbd7 11.Bd2 Be7 12.Rc1 Rc8 13.e4 O-O 14.Qe1 Qb8 15.Kh1 Bd8
16.b3 Qa8 17.Qg3 Bc7 18.Qh4 Ne5 19.Ne1 Ng6 20.Qf2 Qb8 21.g3 Qa8 22.Be3 Nd7
23.Kg1 Ne7 24.Na4 Nc5 25.Nxc5 dxc5 26.Nd3 a5 27.a4  1/2-1/2

[Event "European Senior Teams 2012"]
[Site "Rogaska Slatina SLO"]
[Date "2012.03.28"]
[Round "2.10"]
[White "Falk,Th"]
[Black "Wahlbom,M"]
[Result "1/2-1/2"]
[WhiteElo "2132"]
[BlackElo "2291"]

1.Nf3 Nf6 2.c4 e6 3.Nc3 c5 4.d4 cxd4 5.Nxd4 Bb4 6.g3 Ne4 7.Qc2 Qa5 8.Nb5 Nxc3
9.Nxc3 Nc6 10.Bd2 Nd4 11.Qd1 Qa6 12.a3 Be7 13.Be3 Nf5 14.Bf4 Qc6 15.e4 Nd6
16.Qd3 f6 17.Rd1 Nf7 18.Bc1 O-O 19.f4 Rd8 20.Bg2 b6 21.O-O Bb7 22.Rd2 Rac8
23.b3 a6  1/2-1/2

[Event "13th EICC"]
[Site "Plovdiv BUL"]
[Date "2012.03.29"]
[Round "9.41"]
[White "Durarbayli,V"]
[Black "Parligras,M"]
[Result "1-0"]
[WhiteElo "2543"]
[BlackElo "2614"]

1.c4 Nf6 2.Nc3 c5 3.Nf3 d5 4.cxd5 Nxd5 5.g3 Nc6 6.Bg2 g6 7.d3 Bg7 8.Bd2 O-O
9.Qc1 Nxc3 10.bxc3 e5 11.O-O c4 12.dxc4 Qe7 13.Bg5 f6 14.Be3 Be6 15.Nd2 f5
16.Bd5 Qf7 17.Nf3 Bf6 18.Rd1 Rad8 19.Bh6 Rfe8 20.Bg5 Ne7 21.Bxf6 Qxf6 22.Bxe6+ Qxe6
23.Qh6 Nc6 24.Rd5 Rxd5 25.Ng5 Rd1+ 26.Rxd1 Qe7 27.c5 Qg7 28.Qxg7+ Kxg7 29.Rd7+ Re7
30.Rd6 h6 31.Nf3 Kf7 32.Kf1 Re6 33.Rd7+ Re7 34.Rd5 Re6 35.h4 Kf6 36.Ke1 g5
37.Kd1 Na5 38.Kc2 Nc6 39.Rd7 Re7 40.Rd6+ Re6 41.hxg5+ hxg5 42.Rxe6+ Kxe6
43.Nxg5+ Kd5 44.Kd3 Kxc5 45.e4 fxe4+ 46.Kxe4 Kd6 47.Nf3 b5 48.g4 a5 49.g5 b4
50.cxb4 Nxb4 51.a3 Nc6 52.g6 Ne7 53.Nxe5 a4 54.f4 Ke6 55.Ng4 Nf5 56.Kd3 Ne7
57.Ne3 Kf6 58.f5 Ke5 59.Kc4 Ke4 60.g7 Ng8 61.f6 Nxf6 62.Nd5 Ng8 63.Nc3+ Ke5
64.Nxa4 Kf6 65.Nb6 Kxg7 66.a4 Nf6 67.a5 Ne8 68.a6 Nc7 69.a7 Kf7 70.Kc5 Ke8
71.Kc6 Kd8 72.Kb7  1-0

[Event "European Senior Teams 2012"]
[Site "Rogaska Slatina SLO"]
[Date "2012.03.30"]
[Round "4.16"]
[White "Rantanen,Veikko"]
[Black "Thieme,H"]
[Result "1/2-1/2"]
[WhiteElo "1934"]
[BlackElo "2075"]

1.c4 Nf6 2.Nc3 e6 3.Nf3 c5 4.g3 b6 5.Bg2 Bb7 6.O-O a6 7.e3 Qc7 8.b3 Be7 9.d4 cxd4
10.exd4 b5 11.Bb2 bxc4 12.bxc4 Qxc4 13.Na4 Qb5 14.Rb1 Bc6 15.Ne5 Bxg2 16.Kxg2 Nc6
17.Nc3 Qa5 18.Nc4 Qc7 19.d5 Nb4 20.Ne3 O-O 21.dxe6 dxe6 22.a3 Rfd8 23.Qa4 Qc6+
24.Qxc6 Nxc6 25.Rfc1 Nd4 26.Na4 Rab8 27.Bxd4 Rxb1 28.Rxb1 Rxd4 29.Rb8+ Rd8
30.Rxd8+ Bxd8 31.Nc5 a5 32.Nb7 Bc7 33.Nc4 Nd5 34.Nbxa5 Kf8  1/2-1/2

[Event "13th EICC"]
[Site "Plovdiv BUL"]
[Date "2012.03.31"]
[Round "11.46"]
[White "Goganov,A"]
[Black "Parligras,M"]
[Result "0-1"]
[WhiteElo "2517"]
[BlackElo "2614"]

1.c4 Nf6 2.Nc3 c5 3.Nf3 d5 4.cxd5 Nxd5 5.g3 Nc6 6.Bg2 g6 7.d3 Bg7 8.Bd2 O-O
9.O-O b6 10.Nxd5 Qxd5 11.Bc3 Bb7 12.Qa4 Qd7 13.Bxg7 Kxg7 14.Ne5 Nxe5 15.Qxd7 Nxd7
16.Bxb7 Rab8 17.Bg2 Rfd8 18.a3 a5 19.b4 axb4 20.axb4 e6 21.Rfb1 Nf6 22.Bf3 Kf8
23.Ra6 Ke7 24.h3 h5 25.Bg2 Rd6 26.f4 Rc8 27.Rc1 Rc7 28.Kf2 Nd5 29.bxc5 bxc5
30.Ra5 Rdc6 31.Rc4 Rc8 32.Bf3 R6c7 33.Rb5 Nf6 34.g4 hxg4 35.hxg4 Ne8 36.Rb7 Rxb7
37.Bxb7 Rc7 38.Bf3 Kd6 39.Ra4 Ke7 40.e3 Nf6 41.Rc4 Nd7 42.Ra4 Nb6 43.Ra6 Nd7
44.Ke2 Kf6 45.g5+ Ke7 46.Kd2 e5 47.Bd5 exf4 48.exf4 Kf8 49.Kc3 Kg7 50.Kc4 Kf8
51.Kb5 Ke7 52.Kc4 Kf8 53.Kc3 Ke8 54.Kd2 Kf8 55.Ke3 Ke7 56.Kf3 Kf8 57.Bc4 Rb7
58.Rc6 Ke7 59.Ke4 Rb6 60.Rc7 Kd6 61.Rc8 Ke7 62.Rc7 Kd6 63.Rc8 Ke7 64.Rg8 Nf8
65.Kd5 Rb8 66.Kc6 Rc8+ 67.Kb7 Rd8 68.Rg7 Ne6 69.Rh7 Rd4 70.f5 Nxg5 71.Rh1 gxf5
72.Kc6 Ne6 73.Rf1 Kf6 74.Kb5 Rd6 75.Rh1 f4 76.Rh5 Kg6 77.Re5 f3 78.d4 Rxd4
79.Re3 Rf4 80.Bd3+ Kg5 81.Re5+ Kg4  0-1

[Event "13th EICC"]
[Site "Plovdiv BUL"]
[Date "2012.03.31"]
[Round "11.69"]
[White "Yilmaz,M"]
[Black "Mista,A"]
[Result "1-0"]
[WhiteElo "2530"]
[BlackElo "2587"]

1.Nf3 c5 2.c4 Nf6 3.Nc3 e6 4.g3 b6 5.Bg2 Bb7 6.O-O Be7 7.d4 cxd4 8.Qxd4 d6
9.Bg5 a6 10.Bxf6 Bxf6 11.Qf4 Be7 12.Rfd1 O-O 13.Ne4 Bxe4 14.Qxe4 Ra7 15.Nd4 Rc7
16.Rd2 Qc8 17.b3 Rc5 18.Rad1 d5 19.cxd5 Rxd5 20.Qb1 Rd7 21.Nc6 Bf6 22.Rxd7 Nxd7
23.Rc1 Qe8 24.Qd3 a5 25.Qa6 Be7 26.Nxe7+ Qxe7 27.Rd1 Nf6 28.Qxb6 Qa3 29.Rd8 g5
30.Qd6 Qc1+ 31.Bf1 Rxd8 32.Qxd8+ Kg7 33.Qxa5 Nd5 34.e3 g4 35.Qa4 f5 36.Qc4 Qe1
37.Kg2 Kf7 38.a4 h5 39.Qe2 Qa1 40.Qd2 Qb1 41.Qd3 Qe1 42.Qd4 Nf6 43.Bd3 Qd1
44.a5 Qf3+ 45.Kg1 Qd1+ 46.Bf1 Qe1 47.Qa7+ Kg6 48.Qa6 Kf7 49.Qb7+ Kg6 50.Qb6 Kf7
51.Qc7+ Kg6 52.Qc4 Kf7 53.a6 Ne4 54.Qe2 Qa1 55.h4 gxh3 56.Qxh5+ Kg7 57.Qxh3 Nd2
58.Qg2 Kf6 59.b4 e5 60.b5 e4 61.Qh3 Nf3+ 62.Kg2 Qa2 63.Qh6+ Kf7 64.g4 Qa1
65.a7 Ne1+ 66.Kg3 Nd3 67.Qh7+ Ke6 68.Qg8+ Kd6 69.Qf8+ Kc7 70.Qb8+ Kd7 71.a8=Q  1-0

[Event "TCh-CZE Liga1 Vychod"]
[Site "Czech Rep CZE"]
[Date "2012.04.01"]
[Round "11"]
[White "Mojzis,Jar"]
[Black "Kratochvil,Jo"]
[Result "0-1"]
[WhiteElo "2219"]
[BlackElo "2233"]

1.Nf3 Nf6 2.c4 c5 3.Nc3 b6 4.d4 cxd4 5.Nxd4 Bb7 6.Qc2 e6 7.e4 d6 8.Be2 Nbd7
9.f3 Rc8 10.O-O Be7 11.Qd2 O-O 12.Kh1 Ne5 13.b3 d5 14.f4 Ng6 15.e5 Nd7 16.cxd5 Bb4
17.Bb2 Bxd5 18.a3 Bxc3 19.Bxc3 Nc5 20.Qb2 Nh4 21.Rg1 f6 22.Rad1 fxe5 23.Nxe6 Nxe6
24.Bc4 Rxc4 25.bxc4 Bxg2+ 26.Qxg2 Nxg2 27.Rxd8 Rxd8 28.Kxg2 Nxf4+  0-1

[Event "17th Metropolitan IM"]
[Site "Los Angeles USA"]
[Date "2012.04.01"]
[Round "8"]
[White "Tatum,K"]
[Black "Akopian,R"]
[Result "1-0"]
[WhiteElo "2045"]
[BlackElo "2077"]

1.Nf3 Nf6 2.c4 c5 3.Nc3 e6 4.g3 b6 5.Bg2 Bb7 6.O-O Be7 7.d4 cxd4 8.Qxd4 d6
9.Bg5 O-O 10.Rfd1 Qc8 11.Rac1 Rd8 12.Qf4 Nbd7 13.Nb5 e5 14.Qe3 Qb8 15.Nh4 Bxg2
16.Nf5 Bh3 17.Nxe7+ Kf8 18.Nc6 Qb7 19.Qf3 Rdc8 20.Nxe5 Qxf3 21.Nxf3 d5 22.cxd5 Rxc1
23.Bxc1 Rc8 24.Ng5 Bg4 25.f3 Bh5 26.g4 Bg6 27.e4 h6 28.Nh3 Ne5 29.Nd4 Rc4
30.Kf1 Nxd5 31.b3 Nc3 32.Ba3+ Ke8 33.Rc1 Rxd4 34.Rxc3 Rd2 35.Nf4 Kd7 36.h4 Rxa2
37.Bf8 Ra1+ 38.Kg2 Bh7 39.Bxg7 Ra2+ 40.Kg3 Nc6 41.Nd5  1-0

[Event "28th Budapest Spring Festival"]
[Site "Budapest HUN"]
[Date "2012.04.02"]
[Round "8.5"]
[White "Varga,Me"]
[Black "Szalanczy,E"]
[Result "0-1"]
[WhiteElo "2172"]
[BlackElo "2249"]

1.Nf3 c5 2.c4 Nf6 3.Nc3 g6 4.g3 Bg7 5.Bg2 O-O 6.O-O Nc6 7.d4 cxd4 8.Nxd4 Ng4
9.Nxc6 dxc6 10.Qxd8 Rxd8 11.h3 Ne5 12.c5 Be6 13.Bg5 Kf8 14.Rac1 h6 15.Bf4 g5
16.Bxe5 Bxe5 17.b4 a6 18.a3 Rd7 19.Rfe1 Rad8 20.a4 Bxc3 21.Rxc3 Rd2 22.b5 axb5
23.axb5 Bd5 24.e4 Be6  0-1

[Event "European Senior Teams 2012"]
[Site "Rogaska Slatina SLO"]
[Date "2012.04.03"]
[Round "8.4"]
[White "Singer,H"]
[Black "Valenti,G"]
[Result "0-1"]
[WhiteElo "2265"]
[BlackElo "2138"]

1.Nf3 c5 2.c4 Nf6 3.Nc3 b6 4.e4 d6 5.d4 cxd4 6.Nxd4 Bb7 7.f3 e6 8.Be2 a6
9.O-O Nbd7 10.Be3 Be7 11.Rc1 O-O 12.Qd2 Rc8 13.g4 Ne5 14.g5 Nfd7 15.b3 Re8
16.f4 Nc6 17.Nf3 Bf8 18.Rfd1 Nc5 19.Qe1 Qc7 20.f5 Ne7 21.fxe6 fxe6 22.Nd4 Ng6
23.Bg4 Ne5 24.Qe2 Nxg4 25.Qxg4 Qf7 26.h4 Nd7 27.Rf1 Qe7 28.h5 Ne5 29.Qg3 Qd8
30.g6 h6 31.Rcd1 b5 32.Nf3 Nd7 33.Qf4 Qf6 34.e5 dxe5 35.Nxe5 Nxe5 36.Qxf6 gxf6  0-1

[Event "Semana Santa LAB Open"]
[Site "Bogota COL"]
[Date "2012.04.04"]
[Round "2"]
[White "Alvarez Pedraza,A"]
[Black "Tovio,I"]
[Result "1-0"]
[WhiteElo "2544"]
[BlackElo "2275"]

1.c4 Nf6 2.Nc3 c5 3.Nf3 b6 4.g3 Bb7 5.Bg2 e6 6.O-O Be7 7.d4 cxd4 8.Qxd4 d6
9.Rd1 a6 10.Bg5 Nbd7 11.Qd2 Qc7 12.Rac1 O-O 13.Bf4 Ne8 14.Qe3 e5 15.Bh3 Nc5
16.Bg5 f6 17.b4 Nd7 18.Nd5 Bxd5 19.cxd5 Qd8 20.Be6+ Kh8 21.Bh6 gxh6 22.Nh4 f5
23.Ng6+ Kg7 24.Nxf8 Nxf8 25.Bxf5 Nf6 26.Rc6 N8d7 27.Rdc1 a5 28.a3 axb4 29.axb4 Nxd5
30.Qf3 N5f6 31.Rc7 Ra1 32.Qc3 Rxc1+ 33.Qxc1  1-0

[Event "Pobeskydi IM 2012"]
[Site "Frydek Mistek CZE"]
[Date "2012.04.05"]
[Round "5"]
[White "Vesselovsky,S"]
[Black "Jurek,J"]
[Result "1/2-1/2"]
[WhiteElo "2364"]
[BlackElo "2344"]

1.Nf3 c5 2.c4 Nf6 3.Nc3 e6 4.g3 b6 5.Bg2 Bb7 6.O-O Be7 7.b3 O-O 8.Bb2 d6
9.Rc1 Nbd7 10.d4 cxd4 11.Qxd4  1/2-1/2

[Event "39th La Roda Open"]
[Site "La Roda ESP"]
[Date "2012.04.05"]
[Round "3"]
[White "Martinez Martin,D"]
[Black "Martinez Alcantara,Jose Eduardo"]
[Result "1-0"]
[WhiteElo "2386"]
[BlackElo "2070"]

1.Nf3 Nf6 2.c4 g6 3.Nc3 c5 4.g3 Bg7 5.Bg2 O-O 6.O-O Nc6 7.d4 cxd4 8.Nxd4 Nxd4
9.Qxd4 d6 10.Qd3 Bf5 11.e4 Be6 12.b3 Qc8 13.Bb2 Bh3 14.Qe2 h5 15.Rfe1 h4
16.Nd5 Nxd5 17.exd5 Bxb2 18.Bxh3 Qxh3 19.Qxb2 e5 20.dxe6 fxe6 21.Qd4 hxg3
22.fxg3 Rad8 23.Rf1 b6 24.Rf6 Kh7 25.Raf1 Rxf6 26.Qxf6 Rg8 27.Rf4 g5 28.Re4 Rg6
29.Qe7+ Kh6 30.Qf8+ Kh7 31.Qxd6 Rf6 32.Qd3 Kh6 33.Qe2 Qf5 34.Kg2 Rg6 35.Re5 Qf6
36.b4 Qe7 37.Qd2 Qc7 38.Qd4 Rf6 39.h4 Qc6+ 40.Qe4 Qxe4+ 41.Rxe4 gxh4 42.Rxh4+ Kg7
43.Rg4+ Kh6 44.c5 e5 45.Rc4 bxc5 46.bxc5 Kg5 47.c6 Rf8 48.c7 Rc8 49.Kf3 Kf5
50.g4+ Ke6 51.Ke4 a5 52.a4 Kd6 53.g5 Ke6 54.g6 Kd6 55.g7 Kd7 56.Rc1 Ke6 57.g8=Q+  1-0

[Event "Semana Santa LAB Open"]
[Site "Bogota COL"]
[Date "2012.04.06"]
[Round "5"]
[White "Coy Herran,Alfonso"]
[Black "Univio Sanchez,G"]
[Result "0-1"]
[WhiteElo "1891"]
[BlackElo "2019"]

1.c4 Nf6 2.Nf3 c5 3.Nc3 e6 4.e4 d6 5.d4 cxd4 6.Nxd4 Nc6 7.Be2 Qa5 8.O-O Be7
9.Nb3 Qc7 10.Bf4 a6 11.Bd3 Ne5 12.Qe2 Nfd7 13.Nd2 Nxd3 14.Qxd3 Ne5 15.Bxe5 dxe5
16.Rfe1 Bd7 17.Re3 Rd8 18.Rg3 Bf6 19.Qe3 h6 20.Rd1 Bc6 21.b3 Qa5 22.a4 Rd4
23.Nf3 Ke7 24.Nxd4 exd4 25.Qd3 Qxc3 26.Qe2 Qa5 27.f4 e5 28.Qh5 Bxe4 29.fxe5 Qxe5
30.Qxe5+ Bxe5 31.Re1 f5 32.Rg6 d3 33.g4 Rf8 34.gxf5 Bd4+  0-1

[Event "39th La Roda Open"]
[Site "La Roda ESP"]
[Date "2012.04.06"]
[Round "4"]
[White "Zubarev,Al1"]
[Black "Perez Mitjans,O"]
[Result "1-0"]
[WhiteElo "2597"]
[BlackElo "2482"]

1.Nf3 Nf6 2.c4 g6 3.Nc3 c5 4.d4 cxd4 5.Nxd4 Bg7 6.e4 d6 7.Be2 O-O 8.Be3 Nc6
9.O-O Bd7 10.Qd2 Nxd4 11.Bxd4 Bc6 12.f3 a5 13.b3 Nd7 14.Be3 Nc5 15.Rab1 Qb6
16.Nb5 Rfc8 17.Rfd1 Qd8 18.Nd4 Bd7 19.Nb5 h5 20.Nc3 Bc6 21.Bf1 Qf8 22.Qe1 Bf6
23.g3 Qg7 24.Nd5 Bxd5 25.Rxd5 Bc3 26.Qd1 Qf8 27.Qc1 Bg7 28.Qe1 Qd8 29.Bh3 Rc6
30.Kh1 Qc7 31.Bf1 Nd7 32.Be2 a4 33.b4 Nb6 34.c5 dxc5 35.Rxc5 Nd7 36.Rxc6 Qxc6
37.Rc1 Qe6 38.Bc4 Qf6 39.f4 Qb2 40.e5 e6 41.Qd2 Qxd2 42.Bxd2 Nb6 43.Be2 Rd8
44.Rc2 Bf8 45.a3 Be7 46.Kg2 Kf8 47.Be3 Nd5 48.Bf2 h4 49.Kf3 hxg3 50.hxg3 g5
51.Bb5 Kg7 52.Ke4 Kg6 53.Kf3 gxf4 54.gxf4 f5 55.Rd2 Rh8 56.Bg3 Rh1 57.Rd3 Rf1+
58.Kg2 Ra1 59.Be8+ Kg7 60.Bd7 Kf7 61.Bc8 Bxb4 62.axb4 a3 63.Rxd5 exd5 64.e6+ Kf8
65.Bh4 a2 66.e7+ Ke8 67.Bxf5 Rg1+ 68.Kxg1 a1=Q+ 69.Kh2 Qb2+ 70.Kg3 Qg7+ 71.Bg5 Qc3+
72.Kg4 Qc6 73.b5 Qxb5 74.Kh5  1-0

[Event "Semana Santa LAB Open"]
[Site "Bogota COL"]
[Date "2012.04.07"]
[Round "7"]
[White "Estrella Becerra,Fernando"]
[Black "Perez Olarte,C"]
[Result "0-1"]
[WhiteElo "2083"]
[BlackElo "2242"]

1.Nf3 Nf6 2.c4 e6 3.Nc3 c5 4.g3 b6 5.Bg2 Bb7 6.O-O Be7 7.e3 O-O 8.d4 cxd4
9.exd4 d6 10.Qe2 a6 11.b3 Nbd7 12.Bb2 Rc8 13.Rfd1 Qc7 14.Rac1 Qb8 15.Rd3 Rfe8
16.h3 Bf8 17.Re3 g6 18.Re1 Bh6 19.Rd3 Qa8 20.Nh4 d5 21.Rdd1 Bg7 22.Nf3 Rc7
23.Ne5 dxc4 24.Bxb7 Qxb7 25.Nxc4 Qb8 26.Ne5 Nf8 27.Qxa6 Rec8 28.Qd3 Qa8 29.Nc4 Qc6
30.a4 Rd8 31.Nb5 Rb7 32.Nc3 Nd5 33.Nxd5 Qxd5 34.Qe4 Qxe4 35.Rxe4 b5 36.axb5 Rxb5
37.Rd3 e5 38.d5 f5 39.Re2 e4 40.Rd1 Rxb3 41.Bxg7 Kxg7 42.Ne3 Nd7 43.Nc2 Kf6
44.Nd4 Rd3 45.Rxd3 exd3 46.Rd2 Nc5 47.Ne6 Nxe6 48.dxe6 Kxe6 49.f4 Rd4 50.Kf2 Kd5
51.Ke1 Re4+ 52.Kf2 Kd4 53.Ra2 Kc3  0-1

[Event "39th La Roda Open"]
[Site "La Roda ESP"]
[Date "2012.04.08"]
[Round "9"]
[White "Cruz,Cr"]
[Black "Granero Roca,A"]
[Result "1-0"]
[WhiteElo "2508"]
[BlackElo "2432"]

1.Nf3 Nf6 2.c4 g6 3.Nc3 c5 4.g3 Nc6 5.Bg2 d6 6.O-O Bg7 7.a3 O-O 8.d3 Rb8
9.Ne1 Qd7 10.b4 b6 11.Nc2 Bb7 12.Bd2 Nd4 13.Rb1 Bxg2 14.Kxg2 d5 15.bxc5 Nxc2
16.Qxc2 d4 17.Na4 Qc6+ 18.Kg1 bxc5 19.Bf4 Rxb1 20.Rxb1 Nd7 21.Nb2 e5 22.Bd2 Rb8
23.Nd1 Rxb1 24.Qxb1 Qa4 25.Kf1 e4 26.Bf4 h6 27.dxe4 Nb6 28.Nb2 Qxa3 29.Nd3 Bf8
30.Qb5 Qa1+ 31.Bc1 Qa4 32.Qxa4 Nxa4 33.Ba3 f6 34.Ke1 Kf7 35.Kd2 Nb6 36.Bxc5 Nxc4+
37.Kc2 Bxc5 38.Nxc5 Ne5 39.h3 a5 40.Nb3 Nc6 41.Kd3 a4 42.Nxd4 a3 43.Nc2 a2
44.Kc3 Ke6 45.Kb2 Ke5 46.f3 f5 47.exf5 gxf5 48.Kxa2 f4 49.g4 Ne7 50.Kb3 Nd5
51.Kc4 Nf6 52.Nb4  1-0

[Event "5th Pedro Montalvo"]
[Site "Las Palmas ESP"]
[Date "2012.04.08"]
[Round "9"]
[White "Strikovic,A"]
[Black "Valles,M"]
[Result "1-0"]
[WhiteElo "2559"]
[BlackElo "2260"]

1.c4 c5 2.Nf3 Nf6 3.Nc3 g6 4.d4 cxd4 5.Nxd4 Bg7 6.e4 d6 7.Be2 Nc6 8.Be3 O-O
9.O-O Bd7 10.Qd2 Nxd4 11.Bxd4 Bc6 12.f3 a5 13.Rfc1 Nd7 14.Be3 Nc5 15.Rab1 Be5
16.b3 e6 17.Bd1 Qh4 18.g3 Qe7 19.a3 b6 20.b4 axb4 21.axb4 Nd7 22.Nb5 Rad8
23.Bh6 Rfe8 24.Nc7 Rf8 25.Nb5 f5 26.Bxf8 Nxf8 27.exf5 gxf5 28.Nd4 Ba8 29.Rb3 Ng6
30.f4 Bxd4+ 31.Qxd4 e5 32.Qf2 exf4 33.Bf3 fxg3 34.hxg3 Be4 35.Bxe4 fxe4 36.Qd4 Qe5
37.Rd1 Qh5 38.Qd5+ Qxd5 39.Rxd5 Kf7 40.Re3 Ne7 41.Rb5 d5 42.cxd5 Nxd5 43.Rxe4 Rd6
44.Re5 Nf6 45.Rf5 h6 46.Rbe5 Kg6 47.Rf4  1-0

[Event "Karposh Open 2012"]
[Site "Skopje MKD"]
[Date "2012.04.08"]
[Round "3.32"]
[White "Krstevski,V"]
[Black "Kantorik,M"]
[Result "1/2-1/2"]
[WhiteElo "2148"]
[BlackElo "2323"]

1.c4 Nf6 2.Nc3 c5 3.Nf3 e6 4.e3 d6 5.d4 Nbd7 6.Be2 Be7 7.O-O O-O 8.a3 b6
9.b4 Bb7 10.d5 exd5 11.cxd5 Re8 12.e4 a6 13.Bb2 Bf8 14.Bd3 b5 15.Re1 Rc8
16.h3 Nb6 17.bxc5 Rxc5 18.Nb1 Rc8 19.Nbd2 Na4 20.Qb3 Nd7 21.Bd4 Nac5 22.Qb1 Ne5
23.Nxe5 dxe5 24.Be3 f5 25.f3 f4 26.Bf2 Qa5 27.Nb3 Nxb3 28.Qxb3 Rc3 29.Qb1 Rec8
30.a4 b4 31.Rd1 Bc5 32.Qb2 b3 33.Kh2 Bxf2 34.Qxf2 Qb4 35.Qe2 a5 36.d6 Rd8
37.d7 Kf8 38.Bb5 Bc6 39.Bxc6 Rxc6 40.Qf2 Qc5 41.Qh4 Qe7 42.Qxh7 Qg5 43.Qf5+ Qxf5
44.exf5 Ke7 45.Rab1 Rc3 46.Rd5 Kf6 47.Rxa5 Rxd7 48.Rb5 Rd2 49.R5xb3 Rcc2
50.Rg1 Ra2 51.Rb4 Kxf5 52.Re4 Kf6 53.h4 Rf2 54.Kh3 Rfd2  1/2-1/2

[Event "OGD Prinsenstad Open A"]
[Site "Delft NED"]
[Date "2012.04.09"]
[Round "6.8"]
[White "Schroer,M"]
[Black "Kasparova,T"]
[Result "1-0"]
[WhiteElo "2091"]
[BlackElo "2119"]

1.Nf3 Nf6 2.c4 c5 3.Nc3 b6 4.g3 Bb7 5.Bg2 e6 6.O-O Be7 7.Re1 O-O 8.e4 d6
9.d4 cxd4 10.Nxd4 a6 11.e5 dxe5 12.Bxb7 exd4 13.Bxa8 dxc3 14.Qxd8 Rxd8 15.bxc3 Nbd7
16.Bg2 Nc5 17.Be3 Ng4 18.Bd4 e5 19.h3 exd4 20.Rxe7 Kf8 21.cxd4 Nd3 22.Re2 Ngxf2
23.Rxf2 Nxf2 24.Kxf2 Rxd4 25.Bb7 Rxc4 26.Bxa6 Ra4 27.Bb5 Rb4 28.a4 Rb2+ 29.Kf3 Rb3+
30.Kf4 h6 31.Re1 g5+ 32.Kg4 h5+ 33.Kxg5 Rxg3+ 34.Kh4 Rg6 35.Kxh5 Kg7 36.Re4 Rh6+
37.Kg4 Rg6+ 38.Kf3 Rh6 39.Kg3 f5 40.Rc4 Rg6+ 41.Kf4 Rh6 42.Rc7+ Kf8 43.Kxf5 Rxh3
44.Ke6  1-0